000 00817nam a2200229 a 4500
001 BRCA_3173
005 20190320204139.0
008 130209s1903----mx-a---###---#000-0#spa-#
050 4 _aF1219
_b.M68 1903
100 1 _aMotolinia, Toribio
_d1568
_98540
245 1 0 _aMemoriales de Fray Toribio de Motolinia
_bmanuscrito de la colección del señor don Joaquín García Icazbalceta, que publícalo por primera vez su hijo Luis García Pimentel.
260 _aMéxico
_bEn Casa del Editor
_c1903-1907
300 _a364 p.
_bil., 1 lámina
_c26 cm.
440 0 _aDocumentos Históricos de Mejico
_v1
_98541
500 _aIncluye apéndice
500 _aB67
650 1 4 _aCalendario mexicano
_98542
650 1 4 _aIndígenas de México
_94678
700 1 _aGarcía Pimentel, Luis
_98543
902 _aGFM
942 _2lcc
_cB
999 _c2909
_d2909